LEADER 00734nam a2200205 i 4500 001 000000258840 003 CaOOAMICUS 005 20180613000000.0 008 180613s2005 it u000 u ita u 013 $a237748 040 $aSeMil$bita 245 10$aAppendice dei documenti. 300 $a364 p. :$bill. ;$c24 cm. 500 $aDono dell'arcivescovo Mons. Mario Delpini. 773 0 $aBertamini, Tullio <1924- >$tStoria di Macugnaga.$d[Macugnaga] : Parrocchia di Macugnaga, 2005.$g2$w()11236 850 $aSeMil 852 $aSeMil$W1$xVenegono$y1$m3P IV 445$j209186$B209186$CSeMilBibl$Z2$F223167 $81 941 1 $a7 961 $aOmaggio: Delpini mons. Mario 996 $6245$aAppendice dei documenti$9(OLS)http://semarc/title/413732 LEADER 01083nam a2200217 i 4500 001 000000216209 003 CaOOAMICUS 005 20221014115037.0 008 121009s1726 it u000 u lat u 013 $a195090 026 $ae.r- d.d. *,i- titi (3) 1726 (R) 040 $aSeMil$bita 100 1 $aSylvius, François,$d<1581-1649>.$0(OLS)http://semarc/name/23718 245 10$aCommentarii in totam primam secundae s. Thomae Aquinatis doctori angelici et communis. 300 $a[16], 677, [1] p. 500 $aSegn.: a8 A-2S8 2T-2V6 773 0 $aSylvius, François, <1581-1649>$tFrancisci Sylvii ... Commentarii in totam primam partem S. Thomae Aquinatis doctoris angelici et communis. Tomus 1. [-6.].$bEdito novissima prioribus emendatior & correctior.$dVenetiis : Ex Typographia Balleoniana, 1726.$g2$w()626 850 $aSeMil 852 $aSeMil$W1$xVenegono$y1$m2C VI 39 FA$j166628$B166628$CSeMilBibl$Z2$F177497 $8I 996 $6245$aCommentarii in totam primam secundae s. Thomae Aquinatis doctori angelici et communis$9(OLS)http://semarc/title/311024